[Event "4. Torneo Puente Foral - Grupo B"]
[Site "Pamplona ESP"]
[Date "2009.12.04"]
[Round "5.1"]
[White "Astasio Lopez, David"]
[Black "Moreno Gracia, Daniel"]
[Result "1-0"]
[WhiteElo "2340"]
[BlackElo "2323"]
[PlyCount "115"]
[EventDate "2009.12.01"]
[EventType "tourn"]
[EventRounds "9"]
[EventCountry "ESP"]
[Source "lmi"]
[SourceDate "2009.12.01"]

1. d4 Nf6 2. Nf3 d5 3. Nbd2 c5 4. e3 Nbd7 5. c3 Qc7 6. Qa4 g6 7. dxc5 Qxc5 8.
Bd3 Bg7 9. O-O O-O 10. e4 dxe4 11. Nxe4 Nxe4 12. Qxe4 Nf6 13. Qh4 Be6 14. Be3
Qh5 15. Qxh5 Nxh5 16. Nd4 Bxd4 17. cxd4 Nf6 18. Rfe1 Rac8 19. a3 Rfd8 20. Rac1
Nd5 21. Bg5 Rxc1 22. Rxc1 f6 23. Bd2 Rc8 24. Re1 Kf7 25. Be4 b6 26. g3 Nc7 27.
Bf4 Nd5 28. Bd2 Rc4 29. Be3 Nxe3 30. fxe3 Ke8 31. Bd3 Rc7 32. Kf2 Kd7 33. h4
Bc4 34. Be4 f5 35. Bb1 Bd5 36. Ke2 Kd6 37. Kd2 e5 38. Bd3 e4 39. Bc2 h5 40. Ba4
Bc6 41. Bxc6 Rxc6 42. Rc1 Rxc1 43. Kxc1 a6 44. Kc2 Kc6 45. Kc3 Kd6 46. Kc4 Ke6
47. a4 Kd6 48. b4 b5+ 49. axb5 axb5+ 50. Kxb5 Kd5 51. Ka6 g5 52. hxg5 f4 53.
gxf4 h4 54. g6 Ke6 55. d5+ Kf6 56. d6 h3 57. d7 Ke7 58. d8=Q+ 1-0

[Event "4. Torneo Puente Foral - Grupo B"]
[Site "Pamplona ESP"]
[Date "2009.12.04"]
[Round "5.2"]
[White "Forcen Esteban, Daniel"]
[Black "Cruz, Jonathan"]
[Result "0-1"]
[WhiteElo "2327"]
[BlackElo "2343"]
[PlyCount "84"]
[EventDate "2009.12.01"]
[EventType "tourn"]
[EventRounds "9"]
[EventCountry "ESP"]
[Source "lmi"]
[SourceDate "2009.12.01"]

1. e4 c5 2. Nf3 d6 3. d4 cxd4 4. Nxd4 Nf6 5. Nc3 a6 6. h3 e5 7. Nde2 Be6 8. g4
Be7 9. Bg2 Nbd7 10. Be3 Nb6 11. b3 Rc8 12. O-O h5 13. g5 Nh7 14. h4 Nf8 15. f4
exf4 16. Bd4 Ng6 17. Qe1 f6 18. Nd5 Nxd5 19. exd5 Nxh4 20. Qxh4 fxg5 21. Qf2
Bg4 22. Bb6 Qd7 23. c4 O-O 24. Nd4 f3 25. Bh1 Bh3 26. Ne6 Bxf1 27. Rxf1 g4 28.
Nxf8 Rxf8 29. Qe3 Bh4 30. Qe4 Qf7 31. Be3 Re8 32. Qd3 Qf6 33. Qd4 Qf5 34. b4
Re4 35. Qc3 Bf6 36. Qd3 Qe5 37. Bf2 g3 38. Bxf3 gxf2+ 39. Rxf2 Re1+ 40. Kg2
Qg5+ 41. Kh3 Be5 42. Bg2 Qg4# 0-1

[Event "4. Torneo Puente Foral - Grupo B"]
[Site "Pamplona ESP"]
[Date "2009.12.04"]
[Round "5.3"]
[White "Lyell, Mark"]
[Black "Navarrete Delgado, Sergio"]
[Result "1-0"]
[WhiteElo "2245"]
[BlackElo "2241"]
[PlyCount "119"]
[EventDate "2009.12.01"]
[EventType "tourn"]
[EventRounds "9"]
[EventCountry "ESP"]
[Source "lmi"]
[SourceDate "2009.12.01"]

1. e4 d5 2. exd5 Nf6 3. d4 Bg4 4. Nf3 Qxd5 5. Be2 Nc6 6. c4 Qh5 7. Be3 O-O-O 8.
Nbd2 e5 9. d5 Nd4 10. Nxd4 exd4 11. Bxd4 Re8 12. f3 Bf5 13. O-O Bd6 14. g3 Qh3
15. Rf2 Nd7 16. Rc1 Qh6 17. c5 Be5 18. Nb3 Qf6 19. c6 Nb6 20. cxb7+ Kxb7 21.
Bb5 Bxd4 22. Nxd4 Bd7 23. Bxd7 Nxd7 24. Rfc2 Rc8 25. Rc6 Qe5 26. Qb3+ Nb6 27.
Nb5 Rhe8 28. d6 cxd6 29. Nxd6+ Qxd6 30. Rxd6 Rxc1+ 31. Kf2 Re7 32. a4 Re5 33.
f4 Rec5 34. Rd2 Kc8 35. Qd3 f5 36. b4 R5c4 37. Qxf5+ Kb7 38. a5 Nc8 39. Qb5+
Ka8 40. Rd7 R1c2+ 41. Kf3 R2c3+ 42. Kg4 Rc7 43. Rxc7 Rxc7 44. a6 h6 45. h4 Ne7
46. Qe5 h5+ 47. Kxh5 g6+ 48. Kg4 Kb8 49. b5 Kc8 50. Qh8+ Kd7 51. Qa8 Nc8 52.
Qd5+ Nd6 53. h5 gxh5+ 54. Kxh5 Rc8 55. f5 Rh8+ 56. Kg4 Re8 57. Kf4 Re1 58. g4
Re2 59. b6 axb6 60. a7 1-0

[Event "4. Torneo Puente Foral - Grupo B"]
[Site "Pamplona ESP"]
[Date "2009.12.04"]
[Round "5.4"]
[White "Martin Alvarez, Inigo"]
[Black "Pogorelov, Ruslan"]
[Result "0-1"]
[WhiteElo "2236"]
[BlackElo "2469"]
[PlyCount "64"]
[EventDate "2009.12.01"]
[EventType "tourn"]
[EventRounds "9"]
[EventCountry "ESP"]
[Source "lmi"]
[SourceDate "2009.12.01"]

1. e4 c5 2. Nf3 e6 3. d4 cxd4 4. Nxd4 Nc6 5. Nc3 Qc7 6. Be3 a6 7. Qd2 Nf6 8.
O-O-O Bb4 9. f3 Ne5 10. Nb3 d5 11. Bd4 O-O 12. a3 Bd6 13. exd5 exd5 14. Qf2 Be6
15. Bd3 Rfc8 16. Kb1 b5 17. g4 Nfd7 18. Bf5 Nc4 19. Rhe1 Nf8 20. Qh4 Be7 21.
Qg3 Qb7 22. f4 a5 23. Bd3 b4 24. axb4 axb4 25. Ne2 Qa6 26. Nec1 Bc5 27. Qf2
Bxd4 28. Qxd4 Bxg4 29. Rg1 Ne6 30. Qxd5 Bxd1 31. Qg2 Bf3 32. Bxc4 Qxc4 0-1

[Event "4. Torneo Puente Foral - Grupo B"]
[Site "Pamplona ESP"]
[Date "2009.12.04"]
[Round "5.5"]
[White "Movsziszian, Karen"]
[Black "Fayard, Alain"]
[Result "1/2-1/2"]
[WhiteElo "2541"]
[BlackElo "2253"]
[PlyCount "103"]
[EventDate "2009.12.01"]
[EventType "tourn"]
[EventRounds "9"]
[EventCountry "ESP"]
[Source "lmi"]
[SourceDate "2009.12.01"]

1. g3 d5 2. Nf3 Nf6 3. Bg2 c6 4. O-O Bf5 5. d3 h6 6. Qe1 Bh7 7. Nbd2 e6 8. e4
dxe4 9. dxe4 Be7 10. Qe2 O-O 11. b3 Nbd7 12. Bb2 a5 13. a4 Qc7 14. Kh1 Nc5 15.
Ne5 Rad8 16. f4 Rxd2 17. Qxd2 Ncxe4 18. Qe2 Rd8 19. Rad1 Bc5 20. Rxd8+ Qxd8 21.
Nd3 Bd4 22. Bxd4 Qxd4 23. Bf3 Nd5 24. Re1 Nec3 25. Qe5 Qxe5 26. Rxe5 Bxd3 27.
cxd3 Kf8 28. f5 exf5 29. Rxf5 f6 30. Bxd5 Nxd5 31. Rf1 Ke7 32. Re1+ Kd6 33. h4
Kc5 34. Re4 b5 35. g4 Nb4 36. Re7 Nxd3 37. Rxg7 bxa4 38. bxa4 Kb4 39. Rg6 c5
40. Rxf6 c4 41. g5 hxg5 42. hxg5 c3 43. Rf1 c2 44. Kg2 Ne5 45. Kg3 Kxa4 46. Kf4
Ng6+ 47. Kf5 Nh4+ 48. Ke4 Kb3 49. Kd3 a4 50. Rc1 a3 51. Rxc2 a2 52. Rxa2
1/2-1/2

[Event "4. Torneo Puente Foral - Grupo B"]
[Site "Pamplona ESP"]
[Date "2009.12.05"]
[Round "6.1"]
[White "Moreno Gracia, Daniel"]
[Black "Fayard, Alain"]
[Result "1-0"]
[WhiteElo "2323"]
[BlackElo "2253"]
[PlyCount "87"]
[EventDate "2009.12.01"]
[EventType "tourn"]
[EventRounds "9"]
[EventCountry "ESP"]
[Source "lmi"]
[SourceDate "2009.12.01"]

1. c4 c5 2. Nc3 Nf6 3. Nf3 Nc6 4. g3 d5 5. d4 cxd4 6. Nxd4 e6 7. cxd5 exd5 8.
Bg2 Bc5 9. Nb3 Bb4 10. O-O Be6 11. Bg5 O-O 12. Rc1 Re8 13. Rc2 Bxc3 14. bxc3
Bg4 15. h3 Bf5 16. Rd2 Be4 17. c4 Bxg2 18. Kxg2 dxc4 19. Rxd8 Raxd8 20. Qc2
cxb3 21. Qxb3 Rd7 22. Bxf6 gxf6 23. Rd1 Red8 24. Rxd7 Rxd7 25. Qf3 Re7 26. Qg4+
Kf8 27. e3 Re6 28. h4 Re7 29. e4 Re6 30. Qf5 Kg7 31. f4 Re7 32. Kh3 Re6 33. Kg4
Kh6 34. e5 Ne7 35. Qh5+ Kg7 36. exf6+ Rxf6 37. Qe5 Ng8 38. Kh3 h6 39. g4 Kf8
40. g5 hxg5 41. fxg5 Ra6 42. Qb2 b5 43. h5 Rb6 44. Qa3+ 1-0

[Event "4. Torneo Puente Foral - Grupo B"]
[Site "Pamplona ESP"]
[Date "2009.12.05"]
[Round "6.2"]
[White "Pogorelov, Ruslan"]
[Black "Movsziszian, Karen"]
[Result "1/2-1/2"]
[WhiteElo "2469"]
[BlackElo "2541"]
[PlyCount "27"]
[EventDate "2009.12.01"]
[EventType "tourn"]
[EventRounds "9"]
[EventCountry "ESP"]
[Source "lmi"]
[SourceDate "2009.12.01"]

1. d4 Nf6 2. c4 g6 3. Nc3 Bg7 4. e4 d6 5. Nf3 O-O 6. Be2 e5 7. dxe5 dxe5 8.
Qxd8 Rxd8 9. Bg5 Re8 10. Nd5 Nxd5 11. cxd5 c6 12. Bc4 cxd5 13. Bxd5 Na6 14.
O-O-O 1/2-1/2

[Event "4. Torneo Puente Foral - Grupo B"]
[Site "Pamplona ESP"]
[Date "2009.12.05"]
[Round "6.3"]
[White "Navarrete Delgado, Sergio"]
[Black "Martin Alvarez, Inigo"]
[Result "1/2-1/2"]
[WhiteElo "2241"]
[BlackElo "2236"]
[PlyCount "120"]
[EventDate "2009.12.01"]
[EventType "tourn"]
[EventRounds "9"]
[EventCountry "ESP"]
[Source "lmi"]
[SourceDate "2009.12.01"]

1. e4 d6 2. d4 Nf6 3. Nc3 e5 4. Nge2 Be7 5. g3 c6 6. Bg2 O-O 7. O-O b5 8. a3
Bb7 9. h3 a6 10. g4 Re8 11. Ng3 Bf8 12. dxe5 dxe5 13. Qf3 Qc7 14. Rd1 a5 15.
Be3 Na6 16. a4 b4 17. Nb1 Nc5 18. Nd2 Ba6 19. Bf1 Bxf1 20. Kxf1 Nfd7 21. Qe2
Nb6 22. b3 Ne6 23. Nh5 c5 24. Nc4 Nd4 25. Qd3 Red8 26. Nxb6 Qxb6 27. Qc4 Qa6
28. Qxa6 Rxa6 29. Ng3 Rc8 30. Rd2 g6 31. Ne2 Bg7 32. Rad1 h6 33. Rb1 Rb6 34.
Bxd4 cxd4 35. Nc1 Rbc6 36. Rb2 f5 37. f3 fxe4 38. fxe4 Rf6+ 39. Kg2 h5 40. g5
Rf4 41. Re2 h4 42. Nd3 Rf7 43. Rb1 Rfc7 44. Rb2 Rf7 45. Rb1 Rcf8 46. Rf2 Rxf2+
47. Nxf2 Re8 48. Rb2 Kf7 49. Kf3 Ke6 50. Nd3 Rf8+ 51. Ke2 Kd6 52. Rb1 Rc8 53.
Kd2 Bf8 54. Rg1 Be7 55. Rg4 Rh8 56. Ne1 Rf8 57. Ke2 Ke6 58. Nd3 Rh8 59. Ne1 Rd8
60. Kd1 Rf8 1/2-1/2

[Event "4. Torneo Puente Foral - Grupo B"]
[Site "Pamplona ESP"]
[Date "2009.12.05"]
[Round "6.4"]
[White "Cruz, Jonathan"]
[Black "Lyell, Mark"]
[Result "1-0"]
[WhiteElo "2343"]
[BlackElo "2245"]
[PlyCount "109"]
[EventDate "2009.12.01"]
[EventType "tourn"]
[EventRounds "9"]
[EventCountry "ESP"]
[Source "lmi"]
[SourceDate "2009.12.01"]

1. d4 d5 2. Nf3 Nc6 3. c4 e5 4. dxe5 d4 5. g3 Nge7 6. Bg2 Ng6 7. Bg5 Qd7 8. O-O
h6 9. Bf4 Nxf4 10. gxf4 g5 11. e3 dxe3 12. fxe3 Bc5 13. Nc3 Qxd1 14. Raxd1 gxf4
15. Kh1 fxe3 16. Rde1 Be6 17. b3 O-O-O 18. Ne4 Bd4 19. Nxd4 Rxd4 20. Rxe3 Nxe5
21. Nc5 Ng4 22. Bxb7+ Kb8 23. Re2 Rhd8 24. h3 Rd1 25. Bg2 Rxf1+ 26. Bxf1 Rd1
27. Kg1 Nf6 28. Nxe6 fxe6 29. Rxe6 Nh5 30. Rxh6 Ng3 31. Rf6 Ra1 32. Rf3 Nxf1
33. Rxf1 Rxa2 34. Rf2 Ra3 35. Rf3 a5 36. Kg2 a4 37. bxa4 Rxa4 38. Rf4 Kc8 39.
Rd4 c5 40. Re4 Kd7 41. Kg3 Ra8 42. h4 Kd6 43. Kg4 Ra1 44. Kg5 Rg1+ 45. Rg4 Rd1
46. Kf5 Rh1 47. Kg6 Ke7 48. h5 Kf8 49. Rg5 Kg8 50. Rxc5 Rg1+ 51. Kf6 Rd1 52.
Re5 Ra1 53. Ke7 Rd1 54. c5 Kg7 55. c6 1-0

[Event "4. Torneo Puente Foral - Grupo B"]
[Site "Pamplona ESP"]
[Date "2009.12.05"]
[Round "6.5"]
[White "Astasio Lopez, David"]
[Black "Forcen Esteban, Daniel"]
[Result "1-0"]
[WhiteElo "2340"]
[BlackElo "2327"]
[PlyCount "85"]
[EventDate "2009.12.01"]
[EventType "tourn"]
[EventRounds "9"]
[EventCountry "ESP"]
[Source "lmi"]
[SourceDate "2009.12.01"]

1. d4 Nf6 2. Nf3 g6 3. Nbd2 d5 4. e3 c5 5. dxc5 Bg7 6. c3 Nbd7 7. b4 O-O 8. Bb2
a5 9. Be2 Qc7 10. O-O e5 11. a3 e4 12. Nd4 Ne5 13. Nb5 Qb8 14. h3 Be6 15. Qc2
g5 16. Nd6 Ne8 17. Nxe8 Rxe8 18. c4 f5 19. cxd5 Bxd5 20. Nc4 Bxc4 21. Bxc4+ Kh8
22. Rad1 Qc7 23. Rd5 axb4 24. axb4 Red8 25. Rfd1 Rxd5 26. Bxd5 Rd8 27. Be6 Rf8
28. Rd5 h6 29. Bxf5 Nd3 30. Rd7 Qxd7 31. Bxd7 Bxb2 32. f3 Rd8 33. Bf5 Be5 34.
Qd2 Bf6 35. Bxe4 Nxc5 36. Qc2 Nd7 37. Bxb7 Be5 38. Qd3 Bf6 39. Qg6 Bg7 40. Qd6
Bf6 41. Bc6 Kg7 42. Bxd7 Ra8 43. f4 1-0

[Event "4. Torneo Puente Foral - Grupo B"]
[Site "Pamplona ESP"]
[Date "2009.12.06"]
[Round "7.1"]
[White "Forcen Esteban, Daniel"]
[Black "Moreno Gracia, Daniel"]
[Result "1-0"]
[WhiteElo "2327"]
[BlackElo "2323"]
[PlyCount "137"]
[EventDate "2009.12.01"]
[EventType "tourn"]
[EventRounds "9"]
[EventCountry "ESP"]
[Source "lmi"]
[SourceDate "2009.12.01"]

1. e4 c5 2. Nf3 e6 3. d4 cxd4 4. Nxd4 Nc6 5. Nc3 Qc7 6. Be2 a6 7. O-O b5 8.
Nxc6 dxc6 9. Be3 Bb7 10. f4 c5 11. f5 Bd6 12. fxe6 fxe6 13. Bh5+ g6 14. Bg4
O-O-O 15. Bxe6+ Kb8 16. Qg4 Bxh2+ 17. Kh1 Be5 18. Rf7 Ne7 19. Qh4 Rhe8 20. Bg5
Bg3 21. Qg4 Be5 22. Rd1 Rxd1+ 23. Qxd1 h6 24. Qd7 Qxd7 25. Bxd7 Rd8 26. Rxe7
hxg5 27. Rxe5 Rxd7 28. Nd5 Rf7 29. Kg1 g4 30. g3 c4 31. Re8+ Ka7 32. Nf4 g5 33.
Ne2 Rd7 34. e5 Rd2 35. Kf1 Bf3 36. Ng1 Bc6 37. Rf8 Kb7 38. e6 Rd6 39. e7 Re6
40. Rf7 Kc8 41. Ne2 Be8 42. Rg7 Kd7 43. Rxg5 Kxe7 44. Rxg4 Rf6+ 45. Rf4 Rd6 46.
Nd4 Rg6 47. Kf2 Kd6 48. c3 Bd7 49. Kf3 Rh6 50. Kg2 Ke5 51. Nf3+ Ke6 52. g4 Bc6
53. Kg3 Bxf3 54. Rxf3 Rh1 55. Rf2 a5 56. a3 Ke7 57. Kf4 Kf6 58. Ke4+ Kg5 59.
Rf5+ Kxg4 60. Rxb5 Kg3 61. Rxa5 Kf2 62. Rb5 Rh4+ 63. Kd5 Ke3 64. a4 Kd3 65. a5
Rh5+ 66. Kc6 Rh6+ 67. Kc5 Rh5+ 68. Kb4 Rh2 69. Rd5+ 1-0

[Event "4. Torneo Puente Foral - Grupo B"]
[Site "Pamplona ESP"]
[Date "2009.12.06"]
[Round "7.2"]
[White "Lyell, Mark"]
[Black "Astasio Lopez, David"]
[Result "0-1"]
[WhiteElo "2245"]
[BlackElo "2340"]
[PlyCount "58"]
[EventDate "2009.12.01"]
[EventType "tourn"]
[EventRounds "9"]
[EventCountry "ESP"]
[Source "lmi"]
[SourceDate "2009.12.01"]

1. e4 c5 2. Nc3 e6 3. f4 d5 4. Nf3 Nf6 5. e5 Nfd7 6. d4 Nc6 7. Be3 Be7 8. Be2
O-O 9. O-O b6 10. Qe1 f5 11. exf6 Bxf6 12. Rd1 Qe7 13. Bb5 Bb7 14. Bxc6 Bxc6
15. Qg3 Bb7 16. Rfe1 Rfe8 17. Bf2 Qd6 18. Qg4 Re7 19. Ne2 Rf8 20. Ne5 cxd4 21.
Nxd7 Qxd7 22. Bxd4 Qd6 23. c3 Bxd4+ 24. Nxd4 Rxf4 25. Qg3 e5 26. Nf3 Qf6 27.
Rd2 h5 28. Qf2 e4 29. Qd4 Qf5 0-1

[Event "4. Torneo Puente Foral - Grupo B"]
[Site "Pamplona ESP"]
[Date "2009.12.06"]
[Round "7.3"]
[White "Martin Alvarez, Inigo"]
[Black "Cruz, Jonathan"]
[Result "0-1"]
[WhiteElo "2236"]
[BlackElo "2343"]
[PlyCount "64"]
[EventDate "2009.12.01"]
[EventType "tourn"]
[EventRounds "9"]
[EventCountry "ESP"]
[Source "lmi"]
[SourceDate "2009.12.01"]

1. e4 c5 2. Nf3 d6 3. d4 cxd4 4. Nxd4 Nf6 5. Nc3 a6 6. Be3 e6 7. f3 b5 8. Qd2
Nbd7 9. g4 Nb6 10. g5 Nfd7 11. h4 Ne5 12. b3 d5 13. f4 Ng4 14. e5 Nxe3 15. Qxe3
Bd7 16. Bh3 g6 17. h5 Qc7 18. Nce2 Bc5 19. Kf2 Nc8 20. hxg6 fxg6 21. Bg4 Ne7
22. Rh3 Nc6 23. Rah1 Qb6 24. c3 b4 25. Rxh7 Rxh7 26. Rxh7 O-O-O 27. Rxd7 Kxd7
28. Bxe6+ Kc7 29. Bg4 Kb7 30. Qh3 bxc3 31. Qh7+ Qc7 32. Qxg6 Nxd4 0-1

[Event "4. Torneo Puente Foral - Grupo B"]
[Site "Pamplona ESP"]
[Date "2009.12.06"]
[Round "7.4"]
[White "Movsziszian, Karen"]
[Black "Navarrete Delgado, Sergio"]
[Result "1-0"]
[WhiteElo "2541"]
[BlackElo "2241"]
[PlyCount "71"]
[EventDate "2009.12.01"]
[EventType "tourn"]
[EventRounds "9"]
[EventCountry "ESP"]
[Source "lmi"]
[SourceDate "2009.12.01"]

1. g3 d5 2. Bg2 Nf6 3. d3 e5 4. c3 c6 5. Nf3 Bd6 6. O-O O-O 7. Qc2 e4 8. dxe4
Nxe4 9. c4 Nf6 10. cxd5 Nxd5 11. a3 Re8 12. e4 Nf6 13. Nc3 Nbd7 14. h3 Ne5 15.
Nh4 Ng6 16. Nf5 Bf8 17. Bg5 Be6 18. Rfd1 Qb6 19. Nd4 Qc5 20. Be3 Qh5 21. Nxe6
Rxe6 22. b4 c5 23. b5 Ne7 24. g4 Nxg4 25. hxg4 Qxg4 26. f3 Qh5 27. Nd5 Rg6 28.
Qf2 Nxd5 29. Rxd5 Qh3 30. Rad1 Be7 31. Bxc5 Bh4 32. Qe2 Qg3 33. Bd6 Qh3 34. Rf5
Bd8 35. Kf1 Bb6 36. Qa2 1-0

[Event "4. Torneo Puente Foral - Grupo B"]
[Site "Pamplona ESP"]
[Date "2009.12.06"]
[Round "7.5"]
[White "Fayard, Alain"]
[Black "Pogorelov, Ruslan"]
[Result "1/2-1/2"]
[WhiteElo "2253"]
[BlackElo "2469"]
[PlyCount "83"]
[EventDate "2009.12.01"]
[EventType "tourn"]
[EventRounds "9"]
[EventCountry "ESP"]
[Source "lmi"]
[SourceDate "2009.12.01"]

1. d4 Nf6 2. c4 e6 3. Nc3 Bb4 4. e3 O-O 5. Nf3 c5 6. Bd3 d5 7. O-O dxc4 8. Bxc4
Nbd7 9. Qe2 b6 10. a3 cxd4 11. axb4 dxc3 12. bxc3 Qc7 13. Bb2 Bb7 14. Ba6 Rfc8
15. Rfd1 Bxa6 16. Rxa6 Ne5 17. Nxe5 Qxe5 18. c4 Qe4 19. Rc1 Ne8 20. f3 Qb7 21.
Raa1 a5 22. bxa5 bxa5 23. Qc2 Qc6 24. Qa4 Nd6 25. c5 Nb7 26. Qg4 e5 27. Bxe5 f6
28. Qc4+ Kh8 29. Bd4 Nd8 30. Qa4 Qe6 31. Rab1 Nc6 32. Rb6 h6 33. Rcb1 Ra7 34.
Qb3 Qxb3 35. R1xb3 Rd7 36. Bc3 a4 37. Rb2 Rd3 38. Bd4 Nxd4 39. exd4 Rxd4 40.
Rc2 Rd7 41. Ra6 Rdc7 42. Rxa4 1/2-1/2

[Event "4. Torneo Puente Foral - Grupo B"]
[Site "Pamplona ESP"]
[Date "2009.12.07"]
[Round "8.1"]
[White "Moreno Gracia, Daniel"]
[Black "Pogorelov, Ruslan"]
[Result "1/2-1/2"]
[WhiteElo "2323"]
[BlackElo "2469"]
[PlyCount "103"]
[EventDate "2009.12.01"]
[EventType "tourn"]
[EventRounds "9"]
[EventCountry "ESP"]
[Source "lmi"]
[SourceDate "2009.12.01"]

1. c4 Nf6 2. Nc3 e6 3. e4 c5 4. e5 Ng8 5. Nf3 Nc6 6. d4 cxd4 7. Nxd4 Nxe5 8.
Ndb5 a6 9. Nd6+ Bxd6 10. Qxd6 f6 11. Be3 Ne7 12. Bb6 Nf5 13. Qc5 d6 14. Qa5 Qd7
15. f4 Nc6 16. Qa3 Nce7 17. O-O-O Qc6 18. Bf2 Kf7 19. Rg1 h5 20. g3 Rb8 21. Ba7
Ra8 22. Bf2 d5 23. Kb1 b5 24. cxd5 exd5 25. Bg2 Be6 26. Rge1 Rac8 27. h3 Nd6
28. Qb3 Nc4 29. Ne2 Bf5+ 30. Ka1 Be4 31. Nd4 Qb7 32. Bf3 g6 33. Qb4 Bxf3 34.
Nxf3 a5 35. Qb3 Rhe8 36. Qd3 Nd6 37. g4 hxg4 38. hxg4 Ne4 39. Bd4 Qc7 40. g5
Qc4 41. Bxf6 Qxd3 42. Ne5+ Ke6 43. Nxd3 Kf5 44. a3 Nc6 45. Be5 Red8 46. Rh1
Nxe5 47. fxe5 Nxg5 48. Rhf1+ Ke4 49. Rfe1+ Kf5 50. Rf1+ Ke4 51. Rfe1+ Kf5 52.
Rf1+ 1/2-1/2

[Event "4. Torneo Puente Foral - Grupo B"]
[Site "Pamplona ESP"]
[Date "2009.12.07"]
[Round "8.2"]
[White "Navarrete Delgado, Sergio"]
[Black "Fayard, Alain"]
[Result "0-1"]
[WhiteElo "2241"]
[BlackElo "2253"]
[PlyCount "60"]
[EventDate "2009.12.01"]
[EventType "tourn"]
[EventRounds "9"]
[EventCountry "ESP"]
[Source "lmi"]
[SourceDate "2009.12.01"]

1. e4 e5 2. d4 exd4 3. Nf3 Qe7 4. Bd3 Nc6 5. c3 d6 6. Nxd4 Bd7 7. O-O Nf6 8.
Re1 g6 9. Bg5 h6 10. Bh4 Bg7 11. f4 O-O-O 12. Nd2 Nxd4 13. cxd4 g5 14. fxg5 Ng4
15. Nf3 hxg5 16. Bg3 Nxh2 17. Nxh2 Bxd4+ 18. Kf1 Rxh2 19. Bxh2 Rh8 20. Bg3 Rh1+
21. Ke2 Bg4+ 22. Kd2 Bxd1 23. Rxh1 Ba4 24. Rab1 f5 25. e5 Qf8 26. e6 f4 27.
Rhf1 Be3+ 28. Ke2 Qe8 29. Be1 Qxe6 30. Bc3 Bf2+ 0-1

[Event "4. Torneo Puente Foral - Grupo B"]
[Site "Pamplona ESP"]
[Date "2009.12.07"]
[Round "8.3"]
[White "Cruz, Jonathan"]
[Black "Movsziszian, Karen"]
[Result "1-0"]
[WhiteElo "2343"]
[BlackElo "2541"]
[PlyCount "57"]
[EventDate "2009.12.01"]
[EventType "tourn"]
[EventRounds "9"]
[EventCountry "ESP"]
[Source "lmi"]
[SourceDate "2009.12.01"]

1. d4 Nf6 2. c4 g6 3. Nc3 Bg7 4. e4 d6 5. Be2 O-O 6. Nf3 Nbd7 7. O-O e5 8. Be3
Re8 9. d5 Nh5 10. Re1 Bf8 11. b4 Ng7 12. Nd2 f5 13. f3 h5 14. g4 hxg4 15. fxg4
Be7 16. gxf5 gxf5 17. exf5 Nf6 18. Kh1 Bxf5 19. Rg1 Qd7 20. Bh6 Bf8 21. Qe1 Re7
22. Qh4 Rf7 23. Raf1 Re8 24. Nde4 Nxe4 25. Nxe4 Be7 26. Ng5 c6 27. Nxf7 Bxh4
28. Rxg7+ Kf8 29. Nxd6 1-0

[Event "4. Torneo Puente Foral - Grupo B"]
[Site "Pamplona ESP"]
[Date "2009.12.07"]
[Round "8.4"]
[White "Astasio Lopez, David"]
[Black "Martin Alvarez, Inigo"]
[Result "0-1"]
[WhiteElo "2340"]
[BlackElo "2236"]
[PlyCount "65"]
[EventDate "2009.12.01"]
[EventType "tourn"]
[EventRounds "9"]
[EventCountry "ESP"]
[Source "lmi"]
[SourceDate "2009.12.01"]

1. d4 d5 2. Nf3 Nf6 3. Nbd2 c5 4. e3 e6 5. c3 Nc6 6. Bd3 Bd6 7. O-O O-O 8. Qe2
Qc7 9. dxc5 Bxc5 10. e4 b6 11. e5 Ng4 12. Bxh7+ Kxh7 13. Ng5+ Kg8 14. Qxg4 Qxe5
15. Ndf3 Qf6 16. Qh3 Qh6 17. Qg3 Qg6 18. Qc7 Ba6 19. Qxc6 Bxf1 20. Kxf1 Qd3+
21. Ke1 e5 22. Qa4 Rae8 23. Nh3 d4 24. Qd1 Qc4 25. Qb3 Qd3 26. c4 Qg6 27. Kf1
e4 28. Ne1 e3 29. f3 d3 30. Bxe3 Rxe3 31. Rd1 d2 32. Nf4 dxe1=Q+ 33. Rxe1 0-1

[Event "4. Torneo Puente Foral - Grupo B"]
[Site "Pamplona ESP"]
[Date "2009.12.07"]
[Round "8.5"]
[White "Forcen Esteban, Daniel"]
[Black "Lyell, Mark"]
[Result "1-0"]
[WhiteElo "2327"]
[BlackElo "2245"]
[PlyCount "93"]
[EventDate "2009.12.01"]
[EventType "tourn"]
[EventRounds "9"]
[EventCountry "ESP"]
[Source "lmi"]
[SourceDate "2009.12.01"]

1. e4 e5 2. Bc4 Nf6 3. Nc3 Nc6 4. d3 Bb4 5. Nge2 d5 6. exd5 Nxd5 7. O-O Be6 8.
Bxd5 Bxd5 9. f4 O-O 10. f5 f6 11. Ng3 Bxc3 12. bxc3 Qe7 13. Kh1 Nd8 14. c4 Bc6
15. Re1 Nf7 16. Qg4 Nd6 17. Ba3 Qf7 18. Re3 Rfe8 19. Rf1 a6 20. Nh5 Re7 21. Qh4
Kh8 22. Rh3 Qg8 23. Bb2 Ne8 24. d4 Qxc4 25. Rg1 Qxc2 26. Nf4 Qxf5 27. dxe5 Rxe5
28. Bxe5 fxe5 29. Nh5 Nf6 30. Nxf6 gxf6 31. Rg3 Rg8 32. Rd1 Rxg3 33. Qxg3 Qg6
34. Qh3 f5 35. Rd2 Kg7 36. Qh4 Kf7 37. Qd8 Qe6 38. Re2 Qd6 39. Qh4 Kg6 40. Qg3+
Kf6 41. h4 Be4 42. Qg5+ Kf7 43. Rd2 Qe7 44. Qg3 f4 45. Qg4 Bc6 46. Qh5+ Kg7 47.
Re2 1-0